000 00320nam a2200097Ia 4500
008 171204s9999 xx 000 0 und d
245 4 _aThe End of Accounting and the Path Forward for Investors and Managers:
245 _cBaruch Lev and Feng Gu
260 _c2016
856 _uhttp://down.ebook777.com/035/9781119191094.pdf
999 _c345787
_d345787